000 01267nam a2200241Ii 4500
003 JO-AjNU
005 20240625124517.0
008 230605s9999||||xx |||||||||||||| ||und||
040 _aJO-AjNU
_bara
_erda
_cJO-AjNU
041 _aara
050 1 4 _aHM251.2021
100 1 _aحرافشة، راكان عارف محمد
_965647
245 0 0 _aدور راس المال الاجتماعي في تعزيز الصورة الذهنية لدى عملاء معارض السيارات بالمناطق الحرة في الاردن=The Role of Social Capital in Enhancing Mental Imaga Car Showroom Customers in Joran's Free Zones /
_cاعداد راكان عارف محمد حرافشة ؛ إشراف بدر عايد القعيد
260 _c2021
300 _a140 ورقة
336 _atext
_btxt
_2rdacontent
337 _aunmediated
_bn
_2rdamedia
338 _avolume
_bnc
_2rdacarrier
500 _aرسالة جامعية ( اطروحة ماجستير) جامعة عجلون الوطنية: كلية ادارة الاعمال ، ادارة الاعمال،2021
650 1 _a المال الاجتماعي-عملاء السيارات- المنطقة الحرة-الاردن
_961377
700 1 _aالقعيد، بدر عايد
_964879
_eمشرف
942 _2lcc
_cTHS
999 _c31308
_d31308